00339nam a2200121Ia 4500008004100000082002000041100001100061245005200072250000800124260003600132300001000168650003900178150201s1993 xx 000 0 und d a617.601bD1993G aGRUNDY aDENTAL CARE FOR THE MEDICAL COMPROMISED PATIENT a1ST bWOLFE PUBLICATIONaLONDONc1993 a1-128 aPREVENTIVE AND COMMUNITY DENTISTRY